En passant par la Lorraine - Statistiques

Statistiques générales
  • Ce quiz a été pris 47 fois
  • Le résultat moyen est 7 sur 25
Statistiques - réponses
Hint Réponse % Correct
Ancienne région limitrophe de la Lorraine Alsace
94%
Ville meusienne, dont la madeleine est la spécialité Commercy
74%
Complétez le nom de la cathédrale de Metz : Saint-E….. Etienne
66%
Animal mythique à l’apparence d’un dragon, qui aurait dévasté Metz avant d’en être chassé par Saint Clément. Graoully
54%
Tarte salée à base de pâte brisée, d’œufs, de crème fraîche et de lardons (2 mots) Quiche lorraine
54%
Nom du stade où évolue l’équipe de foot du FC Metz. Saint-Symphorien
37%
Ville où les habitants sont appelés Yussois ou Yutzois. Yutz
37%
Utilisés dans la sidérurgie, ils ont été nombreux à fermer en Lorraine (mot composé) Hauts-fourneaux
34%
Commune de Meurthe-et-Moselle dont est originaire l’ex-footballeur Michel Platini Joeuf
29%
Les écoliers lorrains font partie de la B. Zone
29%
Ancien nom de la Lorraine Lotharingie
26%
Ville qui fit partie des Trois-Evêchés, créés en 1648, lors du traité de Westphalie qui mit fin à la Guerre de 30 ans. Toul
26%
En Moselle se trouve une vallée chantée par Bernard Lavilliers qui s’appelle la vallée de la... Fensch
23%
Mot régional désignant, en cuisine, l’appareil composé d’œufs et de crème fraîche, servant à recouvrir une tarte avant de la mettre au four Migaine
23%
Nom des habitants de la commune mosellane de Dieuze Dieuzois
20%
L’usine sidérurgique d’Uckange abrite le parc du seul haut-fourneau visitable en France, il s’agit du… U4
14%
Parc d’attraction situé à Maizières-les-Metz, qui s’appelait anciennement Walibi Schtroumpf Walygator
14%
Rivière, affluent de la Moselle, portant le nom d’un département français Orne
11%
Prénommé Claude, c’est un conteur et humoriste vosgien. Vanony
11%
Biscuit au chocolat, spécialité messine, dont le nom est homophone de celui d’une commune de Moselle Boulet
9%
La ville d’Avril, en Meurthe-et-Moselle, est jumelée avec cette ville de Haute-Marne depuis 1979 Poissons
9%
Ville où se trouve l’écomusée des mines de fer de Lorraine Neufchef
6%
Actrice vosgienne, prénommée Emmanuelle, elle obtient un César pour sa prestation dans le film "Amour" de Michael Haneke Riva
3%
Complétez d’un adjectif cette émission régionale : "La Lorraine..." Insolite
0%
Plat, pouvant aussi servir d’accompagnement, composé de farine, d’œufs, de sel et de lait, se présentant sous forme de gnocchi. Kneppes
0%
Aucun quiz correspondant
Distribution des résultats
% des personnes avec chaque résultat
Percentile par nombre de réponses
Votre historique - résultats
Vous n’avez pas pris ce quiz